00310nam a2200121Ia 4500008004100000041000800041082001500049100001800064245002700082260004400109300002400153365001100177240624s9999 xx 000 0 und d aeng a657.45 MON aMONROE KENT B aPRICING STRATEGY AUDIT aUKbCambridge Strategy Publications Ltd a105 : p. : cm. ; 29 cRSb50